Statistics for Dennis the Menace Franchise

Click here to take the quiz!

General Stats

  • This quiz has been taken 19 times
  • The average score is 8 of 13

Answer Stats

TypeYearNameInfo% Correct
TV Show1996-1998Dennis and GnasherBBC / TCC
100%
Comic Strip1951-PresentDennis the MenaceFantagraphics Books
100%
TV Show1959-1963Dennis the MenaceCBS
100%
TV Show1986-1988Dennis the MenaceSyndication / CBS
100%
Film1993Dennis the MenaceWarner Bros.
100%
Video Game1993Dennis the MenaceOcean Software
100%
TV Film1987Dennis the Menace: Dinosaur HunterLBS Communications
100%
TV Show2009-2013Dennis the Menace and GnasherNine Network / CBBC
56%
TV Show2017-PresentDennis & Gnasher: Unleashed!CBBC
33%
Film1998Dennis the Menace Strikes AgainWarner Bros.
11%
Film2007A Dennis the Menace ChristmasWarner Bros.
0%
TV Show1993All-New Dennis the MenaceCBS
0%
TV Film2002Dennis the Menace in Cruise ControlNickelodeon
0%

Score Distribution

Percentile by Number Answered

Percent of People with Each Score

Your Score History

You have not taken this quiz